[Event "Frankfurt Ch 2007"]
[Site "Ffm-Kalbach, LAZ"]
[Date "2007.06.18"]
[Round "7.60"]
[White "Evertz, Wolfgang"]
[Black "El-Lawindy, Asem"]
[Result "1/2-1/2"]
[WhiteElo "1150"]
[BlackElo "1526"]
[PlyCount "87"]
[EventDate "2007.??.??"]

1. e4 e6 2. d4 c5 3. Nf3 cxd4 4. Nxd4 Bc5 5. Nc3 Qb6 6. Na4 Qa5+ 7. Nc3 Qb6 8.
Na4 Qa5+ 9. c3 Bxd4 10. Qxd4 Nf6 11. Nc5 O-O 12. b4 Qc7 13. g3 Nc6 14. Qe3 e5
15. Bg2 d6 16. Nd3 Nd4 17. Qd2 Nb5 18. Bb2 Qc6 19. f3 Be6 20. O-O Qd7 21. a4
Nc7 22. f4 Bh3 23. f5 Bxg2 24. Qxg2 Qc6 25. Rfe1 Qc4 26. Rad1 Qa6 27. Kh1 Qxa4
28. Ra1 Qb5 29. Re3 Qb6 30. Re2 Ng4 31. Qf3 Nf6 32. g4 g5 33. h3 Nb5 34. Rh2
Rac8 35. Rc1 Rc4 36. Re2 Rfc8 37. Nf2 Nd4 38. cxd4 Rxc1+ 39. Bxc1 Rxc1+ 40. Kh2
Qxd4 41. Kg2 Qa1 42. Qe3 Rc3 43. Qxg5+ Kf8 44. Qxf6 1/2-1/2

[Event "Frankfurt Ch 2007"]
[Site "Ffm-Kalbach, LAZ"]
[Date "2007.06.18"]
[Round "7.61"]
[White "Vogelgesang, Marc"]
[Black "Krüger, Manfred"]
[Result "1-0"]
[WhiteElo "1520"]
[BlackElo "1180"]
[PlyCount "87"]
[EventDate "2007.??.??"]

1. e4 e5 2. Nf3 Nc6 3. Bb5 a6 4. Ba4 Nf6 5. O-O b5 6. Bb3 Be7 7. d3 d6 8. c3
O-O 9. Re1 a5 10. Nbd2 Bd7 11. Qe2 b4 12. Nf1 Qc8 13. Bd2 a4 14. Bd1 Qb7 15.
Ng3 bxc3 16. Bxc3 Bg4 17. Qe3 Bd7 18. h3 d5 19. Nxe5 Nxe5 20. Bxe5 Rfe8 21. Bc3
Ra6 22. e5 Re6 23. Qf4 Bd6 24. d4 h6 25. Bc2 g5 26. Qd2 Ne4 27. Nxe4 Be7 28.
Ng3 Bf8 29. Qd3 Rg6 30. Nh5 Be7 31. Qd1 Ra6 32. Ng3 Qb8 33. Qf3 g4 34. hxg4
Bxg4 35. Qd3 Rg6 36. Nf5 Bh5 37. Bxa4 Bg4 38. Nxe7+ Rxe7 39. Bd1 Bf5 40. Qf3
Be4 41. Rxe4 dxe4 42. Qxe4 Kg7 43. Bf3 Rf6 44. exf6+ 1-0

[Event "Frankfurt Ch 2007"]
[Site "Ffm-Kalbach, LAZ"]
[Date "2007.06.18"]
[Round "7.64"]
[White "Budde, Michael"]
[Black "Scheerer, Michael"]
[Result "1-0"]
[WhiteElo "1598"]
[BlackElo "1398"]
[PlyCount "55"]
[EventDate "2007.??.??"]

1. d4 Nf6 2. c4 g6 3. Nf3 Bg7 4. Nc3 d6 5. e3 O-O 6. Bd3 Bg4 7. O-O e5 8. h3
exd4 9. exd4 Bxf3 10. Qxf3 Nc6 11. Ne2 Nd7 12. Be3 Rb8 13. Be4 Qf6 14. Qg4 Qe6
15. Qf3 Qxc4 16. Rfc1 Qb5 17. Bxc6 bxc6 18. Rxc6 Qxb2 19. Rac1 Qxa2 20. Rxc7
Nf6 21. Nf4 Rb1 22. Qc6 Rxc1+ 23. Bxc1 Ne8 24. Re7 Nf6 25. Qxd6 Re8 26. Rxe8+
Nxe8 27. Qd7 Nf6 28. Qd8+ 1-0

[Event "Frankfurt Ch 2007"]
[Site "Ffm-Kalbach, LAZ"]
[Date "2007.06.18"]
[Round "7.66"]
[White "Wich, Manuela"]
[Black "Ortiz-Rodriguez, Jose"]
[Result "1-0"]
[WhiteElo "1378"]
[BlackElo "1270"]
[PlyCount "117"]
[EventDate "2007.??.??"]

1. e4 d6 2. d4 Nf6 3. Nc3 c6 4. Nf3 Nbd7 5. Bd3 Qc7 6. O-O e5 7. d5 Be7 8. Bd2
Nc5 9. Qe2 Nxd3 10. cxd3 Bg4 11. Rfc1 Qb6 12. Rab1 O-O 13. Be3 c5 14. h3 Bd7
15. b4 Qd8 16. bxc5 dxc5 17. Nxe5 Qc7 18. Nxd7 Qxd7 19. Bg5 b6 20. Bxf6 Bxf6
21. e5 Bg5 22. Rf1 Qf5 23. Qe4 Qf4 24. Qxf4 Bxf4 25. e6 fxe6 26. dxe6 Rfe8 27.
e7 Rxe7 28. Nd5 Rf7 29. Nxf4 Rxf4 30. Rfe1 Rf7 31. Re3 Raf8 32. f3 Rf6 33. Re7
a5 34. Rb7 Rd6 35. R7xb6 Rxd3 36. R6b5 c4 37. Rc5 Rd2 38. a4 Re8 39. Rxc4 Ree2
40. Rb8+ Kf7 41. Rb7+ Kf6 42. Rb6+ Kf7 43. Rc7+ Re7 44. Rxe7+ Kxe7 45. Rb5 Ra2
46. Rxa5 Kf6 47. Kh2 g5 48. Kg3 h5 49. Ra8 Kf5 50. a5 h4+ 51. Kh2 Kf4 52. a6
Ke3 53. a7 Kf2 54. Rg8 Rxa7 55. Rxg5 Ra4 56. Rg4 Ra1 57. Rxh4 Rg1 58. Rg4 Rf1
59. h4 1-0

[Event "Frankfurt Ch 2007"]
[Site "Ffm-Kalbach, LAZ"]
[Date "2007.06.18"]
[Round "7.67"]
[White "Plötz, Hans-Jürgen"]
[Black "Meiser, Nicolas"]
[Result "1-0"]
[WhiteElo "1358"]
[BlackElo "1214"]
[PlyCount "113"]
[EventDate "2007.??.??"]

1. d4 d5 2. Nf3 e6 3. Bf4 Bd6 4. Bg5 Nf6 5. e3 Nbd7 6. c4 Bb4+ 7. Nc3 c6 8. Qb3
Qa5 9. a3 Ne4 10. Qxb4 Qxb4 11. axb4 Nxg5 12. Nxg5 O-O 13. Bd3 h6 14. Nf3 b6
15. Kd2 dxc4 16. Bxc4 b5 17. Bd3 Nb6 18. b3 Bb7 19. Ne4 Nd5 20. Nc5 Bc8 21. Ne5
Nxb4 22. Be4 f5 23. Bf3 a5 24. Nxc6 Nxc6 25. Bxc6 Ra7 26. Bxb5 Rf6 27. Bc4 Kf8
28. b4 Bb7 29. Nxe6+ Ke7 30. Rxa5 Rxa5 31. bxa5 Rxe6 32. Bxe6 Kxe6 33. Rg1 Kd7
34. g3 Kc8 35. Rc1+ Kb8 36. Rc5 Be4 37. h4 Kb7 38. Kc3 g6 39. Kb4 h5 40. Re5
Kc7 41. Rxe4 fxe4 42. Kc5 Kd7 43. a6 Ke6 44. a7 Kf5 45. a8=Q g5 46. Qf8+ Kg4
47. Qc8+ Kf3 48. Qf8+ Kg4 49. hxg5 h4 50. Qf4+ Kh3 51. g6 Kg2 52. gxh4 Kg1 53.
g7 Kh1 54. Qxe4+ Kg1 55. g8=Q+ Kf1 56. Qgg2+ Ke2 57. f3+ 1-0

[Event "Frankfurt Ch 2007"]
[Site "Ffm-Kalbach, LAZ"]
[Date "2007.06.18"]
[Round "7.69"]
[White "Bongardt, Torsten"]
[Black "Lehmann, Gerit"]
[Result "1/2-1/2"]
[WhiteElo "1340"]
[BlackElo "1443"]
[PlyCount "106"]
[EventDate "2007.??.??"]

1. d4 d5 2. Nf3 Nf6 3. Bf4 Bf5 4. e3 e6 5. Bd3 Bxd3 6. Qxd3 Bd6 7. Bxd6 Qxd6 8.
O-O Nbd7 9. c4 c6 10. Nbd2 O-O 11. Rfc1 Rac8 12. a3 b6 13. b4 c5 14. cxd5 exd5
15. dxc5 bxc5 16. bxc5 Nxc5 17. Qb5 Nfe4 18. Nb3 Nxb3 19. Qxb3 Rxc1+ 20. Rxc1
Rb8 21. Qa4 Qb6 22. Nd4 Qb2 23. Qc2 Qxc2 24. Nxc2 Rc8 25. Kf1 Nd2+ 26. Ke1 Ne4
27. f3 Nd6 28. Kd1 a5 29. Ke2 Nb5 30. Kd2 Kf8 31. a4 Nd6 32. Na3 Rxc1 33. Kxc1
Ke7 34. Kc2 Ke6 35. Kc3 Nf5 36. Kd3 Nh4 37. f4 Nxg2 38. Kd4 Nh4 39. Kc5 Nf5 40.
Kb5 Nxe3 41. Kxa5 Nc4+ 42. Nxc4 dxc4 43. Kb4 Kd5 44. a5 c3 45. Kxc3 Kc5 46. Kd3
f6 47. Ke4 g6 48. h4 h6 49. a6 Kb6 50. Kd5 Kxa6 51. Ke6 g5 52. fxg5 fxg5 53.
hxg5 hxg5 1/2-1/2

[Event "Frankfurt Ch 2007"]
[Site "Ffm-Kalbach, LAZ"]
[Date "2007.06.18"]
[Round "7.70"]
[White "Schellen, Sven"]
[Black "Breitbach, Stephan"]
[Result "1-0"]
[WhiteElo "1534"]
[BlackElo "1334"]
[PlyCount "43"]
[EventDate "2007.??.??"]

1. d4 d5 2. c4 e6 3. Nc3 Nf6 4. Nf3 Be7 5. Bf4 c6 6. e3 Nbd7 7. Bd3 Nh5 8. Ne5
Nxf4 9. exf4 Nf6 10. Qc2 Qb6 11. c5 Qc7 12. g4 g6 13. h4 Nd7 14. h5 Nxe5 15.
fxe5 Rg8 16. hxg6 hxg6 17. Rh7 Bd7 18. f4 Rf8 19. Bxg6 O-O-O 20. Bxf7 Rh8 21.
Qh2 Kb8 22. Rxh8 1-0

[Event "Frankfurt Ch 2007"]
[Site "Ffm-Kalbach, LAZ"]
[Date "2007.06.18"]
[Round "7.71"]
[White "Bauer, Alfred"]
[Black "Liebert, Monika"]
[Result "1-0"]
[WhiteElo "1410"]
[BlackElo "1053"]
[PlyCount "91"]
[EventDate "2007.??.??"]

1. e4 e5 2. f4 Nc6 3. Nf3 d6 4. a3 h6 5. Bc4 Bg4 6. O-O Nf6 7. d3 Be7 8. Be3
O-O 9. Nc3 a6 10. Nd5 b5 11. Ba2 Qd7 12. Qe1 Nd4 13. Nxd4 exd4 14. Bxd4 Nxd5
15. Bxd5 c6 16. Ba2 c5 17. Bc3 Rac8 18. Qg3 Kh7 19. f5 f6 20. Qxg4 c4 21. Rf3
d5 22. e5 d4 23. Bxd4 Bc5 24. Bxc5 Rxc5 25. d4 Rd5 26. c3 fxe5 27. Qg6+ Kh8 28.
dxe5 Rxe5 29. Raf1 Rf6 30. Qh5 Re2 31. R3f2 Re5 32. Bb1 Qa7 33. g4 Kg8 34. g5
hxg5 35. Qxg5 Re2 36. Qc1 Qc5 37. Bc2 Rh6 38. Qd1 Re3 39. Qd8+ Qf8 40. Qxf8+
Kxf8 41. Bd1 Kf7 42. Re2 Reh3 43. Rfe1 Rf6 44. Re7+ Kf8 45. Re8+ Kf7 46. R1e7#
1-0